The noble scholar, jurist, historian


 His Excellency Dr. Abdul Wahhab bin Ibrahim Abu Sulaiman, may Allah have mercy on him.


 He was born in Umm Al-Qura in the year 1356 AH.

مكة المكرمة والمدينة المنورة في رحلة ابن بطوطة : (Record no. 13561)

MARC details
000 -LEADER
fixed length control field 01544ctm a2200313 i 4500
003 - CONTROL NUMBER IDENTIFIER
control field SA-RiAUC
005 - DATE AND TIME OF LATEST TRANSACTION
control field 20251216123029.0
008 - FIXED-LENGTH DATA ELEMENTS--GENERAL INFORMATION
fixed length control field 251208s1996 su b f bm 000r0 ara c
040 ## - CATALOGING SOURCE
Original cataloging agency SA-JeALM
Language of cataloging ara
Transcribing agency SA-RiAUC
Description conventions rda
043 ## - GEOGRAPHIC AREA CODE
Geographic area code a-su---
082 04 - DEWEY DECIMAL CLASSIFICATION NUMBER
Classification number 953.121
090 ## - LOCALLY ASSIGNED LC-TYPE CALL NUMBER (OCLC); LOCAL CALL NUMBER (RLIN)
Classification number (OCLC) (R) ; Classification number, CALL (RLIN) (NR) ر 953.121
Local cutter number (OCLC) ; Book number/undivided call number, CALL (RLIN) ب د ر
100 1# - MAIN ENTRY--PERSONAL NAME
Personal name بدرشينى، أحمد هاشم أحمد.
Relator term مؤلف.
245 10 - TITLE STATEMENT
Title مكة المكرمة والمدينة المنورة في رحلة ابن بطوطة :
Remainder of title دراسة تاريخية وحضارية مقارنة في القرن الثامن الهجري /
Statement of responsibility, etc. إعداد أحمد هاشم أحمد بدرشيني.
264 #0 - PRODUCTION, PUBLICATION, DISTRIBUTION, MANUFACTURE, AND COPYRIGHT NOTICE
Place of production, publication, distribution, manufacture جدة :
Name of producer, publisher, distributor, manufacturer جامعة الملك عبدالعزيز
Date of production, publication, distribution, manufacture, or copyright notice 1996
300 ## - PHYSICAL DESCRIPTION
Extent 326 ورقة :
Other physical details خرائط ؛
Dimensions 30 سم
336 ## - CONTENT TYPE
Content type term نص
Content type code txt
Source rdacontent
Materials specified أطروحة
337 ## - MEDIA TYPE
Media type term بدون وسيط
Media type code n
Source rdamedia
338 ## - CARRIER TYPE
Carrier type term مجلد
Carrier type code nc
Source rdacarrier
500 ## - GENERAL NOTE
General note أطروحة (ماجستير)-جامعة الملك عبد العزيز، 1417 هجري.
502 ## - DISSERTATION NOTE
Dissertation note أطروحة (ماجستير)-جامعة الملك عبد العزيز، 1417 هجري.
504 ## - BIBLIOGRAPHY, ETC. NOTE
Bibliography, etc. note ببليوجرافية : ورقة 306-325.
610 27 - SUBJECT ADDED ENTRY--CORPORATE NAME
Corporate name or jurisdiction name as entry element جامعة الملك عبد العزيز
General subdivision تاريخ
Source of heading or term aucnm
651 #7 - SUBJECT ADDED ENTRY--GEOGRAPHIC NAME
Geographic name مكة المكرمة
General subdivision تاريخ
Chronological subdivision قرن 8 هجري
Source of heading or term aucsh
651 #7 - SUBJECT ADDED ENTRY--GEOGRAPHIC NAME
Geographic name المدينة المنورة
General subdivision تاريخ
Chronological subdivision قرن 8 هجري
Source of heading or term aucsh
700 ## - ADDED ENTRY--PERSONAL NAME
Personal name حسين, صابر محمد دياب.
Relator term اشراف
942 ## - ADDED ENTRY ELEMENTS (KOHA)
Source of classification or shelving scheme Dewey Decimal Classification
Koha item type رسالة علمية
Suppress in OPAC No
949 ## - LOCAL PROCESSING INFORMATION (OCLC)
a SA-JeALM
d 251208
u mohamedma123
n 1
Holdings
Withdrawn status Lost status Source of classification or shelving scheme Damaged status Not for loan Home library Current library Date acquired Total checkouts Full call number Barcode Date last seen Price effective from Koha item type
    Dewey Decimal Classification     DR AbdElwahab Library DR AbdElwahab Library 12/16/2025   ر 953.121 ب د ر 000021739 12/16/2025 12/16/2025 رسالة علمية